Notas para el estudio económico de América Latina, 1982, Guatemala

Wedi'i Gadw mewn:
Manylion Llyfryddiaeth
Awdur Corfforaethol: Naciones Unidas
Fformat: Texto
Cyhoeddwyd: México D.F.: CEPAL
Tagiau: Ychwanegu Tag
Dim Tagiau, Byddwch y cyntaf i dagio'r cofnod hwn!

MARC

LEADER 00000 a a2200000 04500
001 24641
003
040
090 |a 177200  
110 |a Naciones Unidas  
245 |a Notas para el estudio económico de América Latina, 1982, Guatemala  
260 |a México D.F.:   |b CEPAL  
300 |a 44 p.  
999 |c 10562  |d 10562